01124nam a2200193Ia 4500001001100000003001000011008004100021040002500062041001300087100003900100245005000139250001100189260006500200300002700265500024500292501011400537520024500651650003400896L251-17859IT-CnALBA170116s9999||||xx |||||||||||||| ||und|| aIT-CnALBAcIT-CnALBA aITALIANO aKEPPLER VON PAUL WILHELM, VESCOVO. 0aLA NOSTRA PREDICAZIONE. PENSIERI E CONSIGLI.  a1a ed. bBEGNOZZI A. TIPOGRAFO EDITORE. MANTOVAc1911 [1° Ed.: n.d.] a118 p. (prefazione: 3) aTRADUZIONE DAL TEDESCO DI ANTONIO BONI. STANCHEZZA. SCIENZA MODERNA. CULTO PERSONALITÀ. AMBIENTE MORALE. NOSTRO DOVERE. DUBBI SULLA FEDE. MAESTRI. APOLOGIA, NON POLEMICA. PREDICAZIONE MORALE E SOCIALE. CURA D'ANIME. PUREZZA D'INTENZIONE.  aSocietà San Paolo EM - Piazza San Paolo, 14 - 12051 ALBA (CN) (non commercial uses only) ® Copyright 2017 aTRADUZIONE DAL TEDESCO DI ANTONIO BONI. STANCHEZZA. SCIENZA MODERNA. CULTO PERSONALITÀ. AMBIENTE MORALE. NOSTRO DOVERE. DUBBI SULLA FEDE. MAESTRI. APOLOGIA, NON POLEMICA. PREDICAZIONE MORALE E SOCIALE. CURA D'ANIME. PUREZZA D'INTENZIONE.  aPREDICAZIONE - ORATORIA SACRA